00637nam a22001577a 450000500170000001000150001702000270003203500130005903700130007208200150008510000180010024502130011826000300033127000880036130000300044920181204120214.0 aENG-115673 a9789351437451c1495.00 aEN-99205 bDBAD/PUB a342.540662 aTandon,Rajesh aRight to Information law and practice :bexhaustive commentary on the right to information Act, 2005 along with case law from Supreme court, high courts and various information commissions /cby Rajesh Tandon aGurgaonbLexisNexisc2016 a14th floor Building N0-10Tower -B,DLF Cyber City Phase-IIbGurgaon(Haryana)e122002 aVarious Pagingsc24cm(Hb)